EUROPEAN PAINTINGS FROM THE GULBENKIAN COLLECTION/

Guardat en:
Dades bibliogràfiques
Altres autors: Finley, David E. (dirección) (dirección)
Format: Llibre
Matèries:
Etiquetes: Afegir etiqueta
Sense etiquetes, Sigues el primer a etiquetar aquest registre!

MARC

LEADER 00000nam^a2200000^a^4500
001 000219126
005 20250521000000.0
009 20260310103809.027
035 |a 039907 
037 |a Acervo Xavier Clavigero 
082 |a 708. 94  |b EUR 
245 1 0 |a EUROPEAN PAINTINGS FROM THE GULBENKIAN COLLECTION/  |c DIR. DAVID E. FINLEY 
264 |a Washington, EUA :  |b NATIONAL GALLERY OF ART,  |c 1950 
300 |a 93p. :  |b retrs. 
336 |a texto  |b txt  |2 rdacontenido 
337 |a sin mediación  |b n  |2 rdamedio 
338 |a volumen  |b nc  |2 rdasoporte 
649 |a XX 
650 |a Museos y Galerías 
650 |a Pintura Europea 
700 |a Finley, David E.  |e (dirección) 
910 |a Fondo General 
920 |a Impresos - Libros 
930 |a Colección General 
905 |a 101 
901 |a 039907  |b IT1  |c ACC  |i 039907  |u 20250521 
902 |a https://opac.biblio.iteso.mx/vufind/Record/000219126